| 000 | 00427cam a2200157ua 4500 | ||
|---|---|---|---|
| 003 | OSt | ||
| 008 | 250802b |||||||| |||| 00| 0 eng d | ||
| 041 | _aeng | ||
| 082 |
_a624.183412 _bCOW/TH |
||
| 100 |
_aCowan , Henry J . _97658 |
||
| 245 | _aTheory of prestressed concrete design statically determinate structures / | ||
| 250 | _a1 / | ||
| 260 |
_aLondon : _bMacmellon Co Ltd , _c1956. |
||
| 300 | _a264 ; . | ||
| 942 | _cBK | ||
| 999 |
_c2870 _d2870 |
||